Welcome to the Holygrace Academy Library

Please use search bar below to get started

NJANONNU VITHUMBIYENKIL (Record no. 1765)

MARC details
000 -LEADER
fixed length control field 00297nam a22001337a 4500
082 ## - DEWEY DECIMAL CLASSIFICATION NUMBER
Classification number 894.812.3
Item number SUD/N
100 ## - MAIN ENTRY--AUTHOR NAME
Personal name SUDHIN,S
245 ## - TITLE STATEMENT
Title NJANONNU VITHUMBIYENKIL
250 ## - EDITION STATEMENT
Edition statement FIRST
260 ## - PUBLICATION, DISTRIBUTION, ETC. (IMPRINT)
Name of publisher MOTHER'S EDUCATIONAL RESEARCH INSTITUTE
300 ## - PHYSICAL DESCRIPTION
Number of Pages 42
650 ## - SUBJECT ADDED ENTRY--TOPICAL TERM
Topical Term STORY
Geographic subdivision KERALA
942 ## - ADDED ENTRY ELEMENTS (KOHA)
Koha item type Books
Holdings
Withdrawn status Lost status Collection code Home library Current library Shelving location Date acquired Source of acquisition Full call number Accession Number Koha item type
    Fiction Main Library Main Library SHELF-6C MALAYALAM SHORT STORIES 12/05/2009 PURCHASE 894.812.3 SUD/N 02045 Books